|
|
|
|
| LEADER |
00000cam a2200000 c 4500 |
| 001 |
307284271 |
| 003 |
DE-627 |
| 005 |
20251222214923.0 |
| 007 |
tu |
| 008 |
990822s1977 xxu||||| 00| ||eng c |
| 020 |
|
|
|a 067409932X
|9 0-674-09932-X
|
| 020 |
|
|
|a 0674099311
|c hardback
|9 0-674-09931-1
|
| 035 |
|
|
|a (DE-627)307284271
|
| 035 |
|
|
|a (DE-576)008051860
|
| 035 |
|
|
|a (DE-599)GBV307284271
|
| 035 |
|
|
|a (OCoLC)247375080
|
| 035 |
|
|
|a (OCoLC)02595503
|
| 035 |
|
|
|a (DE-604)8032756593
|
| 040 |
|
|
|a DE-627
|b ger
|c DE-627
|e rakwb
|
| 041 |
|
|
|a eng
|
| 044 |
|
|
|c XD-US
|c XA-GB
|
| 082 |
0 |
|
|a 174/.2/0926
|
| 084 |
|
|
|a 1
|2 ssgn
|
| 084 |
|
|
|a BK 6100
|2 rvk
|0 (DE-625)rvk/11925:
|
| 084 |
|
|
|a PJ 2380
|2 rvk
|0 (DE-625)rvk/136660:
|
| 084 |
|
|
|a XC 2800
|2 rvk
|0 (DE-625)rvk/152507:12905
|
| 100 |
1 |
|
|0 (DE-588)137967195
|0 (DE-627)598178694
|0 (DE-576)163400962
|4 aut
|a Veatch, Robert M.
|d 1939-
|
| 109 |
|
|
|a Veatch, Robert M. 1939-
|a Veatch, Robert Marlin 1939-
|
| 191 |
|
|
|a 1
|
| 245 |
1 |
0 |
|a Case studies in medical ethics
|c Robert M. Veatch
|
| 264 |
|
1 |
|a Cambridge [u.a.]
|b Harvard University Press
|c 1977
|
| 300 |
|
|
|a VII, 421 S
|
| 336 |
|
|
|a Text
|b txt
|2 rdacontent
|
| 337 |
|
|
|a ohne Hilfsmittel zu benutzen
|b n
|2 rdamedia
|
| 338 |
|
|
|a Band
|b nc
|2 rdacarrier
|
| 500 |
|
|
|a Literaturangaben
|
| 650 |
|
0 |
|a Ethics, Medical
|
| 689 |
0 |
0 |
|d s
|0 (DE-588)4074672-0
|0 (DE-627)106088726
|0 (DE-576)209194898
|2 gnd
|a Medizinische Ethik
|
| 689 |
0 |
|
|5 (DE-627)
|
| 935 |
|
|
|a mteo
|
| 935 |
|
|
|i Blocktest
|
| 936 |
r |
v |
|a BK 6100
|b Gesundheit, Krankheit, Tod, Schmerz
|k Theologie und Religionswissenschaften
|k Theologische Ethik/Moraltheologie
|k Spezielle Moraltheologie/Spezielle Ethik
|k Verantwortung für Leib und Leben
|k Gesundheit, Krankheit, Tod, Schmerz
|0 (DE-627)1270653105
|0 (DE-625)rvk/11925:
|0 (DE-576)200653105
|
| 936 |
r |
v |
|a PJ 2380
|b Komplexe Untersuchungen, Querschnittsfragen
|k Rechtswissenschaft
|k Medizinrecht (Biorecht, Recht des Gesundheitswesens, Arzneimittel- und Medizinproduktrecht, Medizinstrafrecht, Apothekenrecht)
|k Ethisch-rechtliche Fragen zum Medizin- und Biorecht
|k Komplexe Untersuchungen, Querschnittsfragen
|0 (DE-627)1448227801
|0 (DE-625)rvk/136660:
|0 (DE-576)378227807
|
| 936 |
r |
v |
|a XC 2800
|b Allgemeines
|k Medizin
|k Allgemeine Medizin, Krankenhauswesen, Krankenpflege
|k Medizin und Geisteswissenschaften
|k Arzt und Patient, Medizinische Ethik, Vivisektion
|k Allgemeines
|0 (DE-627)1270878786
|0 (DE-625)rvk/152507:12905
|0 (DE-576)200878786
|
| 951 |
|
|
|a BO
|
| ELC |
|
|
|b 1
|
| ITA |
|
|
|a 1
|
| LOK |
|
|
|0 000 xxxxxcx a22 zn 4500
|
| LOK |
|
|
|0 001 3159226271
|
| LOK |
|
|
|0 003 DE-627
|
| LOK |
|
|
|0 004 307284271
|
| LOK |
|
|
|0 005 20100408131302
|
| LOK |
|
|
|0 008 900723||||||||||||||||ger|||||||
|
| LOK |
|
|
|0 040
|a DE-21-35
|c DE-627
|d DE-21-35
|
| LOK |
|
|
|0 541
|e 1990/83578
|
| LOK |
|
|
|0 852
|a DE-21-35
|
| LOK |
|
|
|0 852 1
|c Mi 6.084
|m p
|9 00
|
| LOK |
|
|
|0 938
|k p
|
| LOK |
|
|
|0 939
|a 23-07-90
|b l01
|
| LOK |
|
|
|0 000 xxxxxcx a22 zn 4500
|
| LOK |
|
|
|0 001 3159226298
|
| LOK |
|
|
|0 003 DE-627
|
| LOK |
|
|
|0 004 307284271
|
| LOK |
|
|
|0 005 20220318095255
|
| LOK |
|
|
|0 008 040220||||||||||||||||ger|||||||
|
| LOK |
|
|
|0 040
|a DE-21-123
|c DE-627
|d DE-21-123
|
| LOK |
|
|
|0 541
|e RXC 2
|
| LOK |
|
|
|0 852
|a DE-21-123
|
| LOK |
|
|
|0 852 1
|c F ethik 10-7701
|m p
|9 00
|
| LOK |
|
|
|0 935
|a k123
|
| LOK |
|
|
|0 938
|k p
|
| LOK |
|
|
|0 939
|a 20-02-04
|b l01
|
| LOK |
|
|
|0 000 xxxxxcx a22 zn 4500
|
| LOK |
|
|
|0 001 315922631X
|
| LOK |
|
|
|0 003 DE-627
|
| LOK |
|
|
|0 004 307284271
|
| LOK |
|
|
|0 005 20100406204214
|
| LOK |
|
|
|0 008 050819||||||||||||||||ger|||||||
|
| LOK |
|
|
|0 040
|a DE-21-46
|c DE-627
|d DE-21-46
|
| LOK |
|
|
|0 541
|e 94/447
|
| LOK |
|
|
|0 852
|a DE-21-46
|
| LOK |
|
|
|0 852 1
|c D 13/1977,12
|m p
|9 00
|
| LOK |
|
|
|0 935
|a k046
|
| LOK |
|
|
|0 938
|k p
|
| LOK |
|
|
|0 939
|a 19-08-05
|b l01
|
| LOK |
|
|
|0 000 xxxxxcx a22 zn 4500
|
| LOK |
|
|
|0 001 3159226328
|
| LOK |
|
|
|0 003 DE-627
|
| LOK |
|
|
|0 004 307284271
|
| LOK |
|
|
|0 005 20100407094024
|
| LOK |
|
|
|0 008 050719||||||||||||||||ger|||||||
|
| LOK |
|
|
|0 040
|a DE-21-93
|c DE-627
|d DE-21-93
|
| LOK |
|
|
|0 541
|e 78/303
|
| LOK |
|
|
|0 852
|a DE-21-93
|
| LOK |
|
|
|0 852 1
|c M Eth 106
|m p
|9 00
|
| LOK |
|
|
|0 935
|a k093
|
| LOK |
|
|
|0 938
|k p
|
| LOK |
|
|
|0 939
|a 19-07-05
|b l01
|
| LOK |
|
|
|0 000 xxxxxcx a22 zn 4500
|
| LOK |
|
|
|0 001 3159226336
|
| LOK |
|
|
|0 003 DE-627
|
| LOK |
|
|
|0 004 307284271
|
| LOK |
|
|
|0 005 20150421172325
|
| LOK |
|
|
|0 008 080205||||||||||||||||ger|||||||
|
| LOK |
|
|
|0 040
|a DE-21-93
|c DE-627
|d DE-21-93
|
| LOK |
|
|
|0 541
|e 115/99
|
| LOK |
|
|
|0 852
|a DE-21-93
|
| LOK |
|
|
|0 852 1
|c meth 1.3 Vea 2
|m p
|9 00
|
| LOK |
|
|
|0 852 2
|b Bereich Ethik d. Medizin, Bibl. Landesärztekammer
|9 00
|
| LOK |
|
|
|0 935
|a k093
|a kneu
|a i093
|a ethi
|
| LOK |
|
|
|0 938
|k p
|
| LOK |
|
|
|0 939
|a 05-02-08
|b l02
|
| ORI |
|
|
|a SA-MARC-ixtheoa001.raw
|
| REL |
|
|
|a 1
|
| STA |
0 |
0 |
|a Medical ethics,Medicine,Ethics,Nursing ethics
|
| STB |
0 |
0 |
|a Éthique médicale,Éthique médicale
|
| STC |
0 |
0 |
|a Ética médica
|
| STD |
0 |
0 |
|a Etica medica
|
| STE |
0 |
0 |
|a 医学伦理学
|
| STF |
0 |
0 |
|a 醫學倫理學
|
| STG |
0 |
0 |
|a Ética médica
|
| STH |
0 |
0 |
|a Медицинская этика
|
| STI |
0 |
0 |
|a Ιατρική δεοντολογία,Ιατρική ηθική
|
| SUB |
|
|
|a REL
|
| SYG |
0 |
0 |
|a Ärztliche Ethik,Klinische Ethik,Ärztliches Ethos,Arzt,Medizin,Arzt,Heilberuf,Medizinethik
|